| 000 | 01004cam a22002774a 4500 | ||
|---|---|---|---|
| 001 | 14595928 | ||
| 005 | 20090723074846.0 | ||
| 008 | 061016s2008 ohua |rb 001 0 eng | ||
| 010 | _a 2006936652 | ||
| 020 | _a032453616X | ||
| 020 | _a9780324536164 | ||
| 040 |
_aDLC _cDLC _dDLC |
||
| 050 | 0 | 0 |
_aHB172 _b.T789 2005 |
| 082 |
_a338.5 _bTUC |
||
| 100 | 1 |
_aTucker, Irvin B. _922537 |
|
| 245 | 1 | 0 |
_aMicroeconomics for Today's World / _cIrvin B. Tucker. |
| 250 | _a5th ed. | ||
| 260 |
_aMason, OH : _bThomson South-Western, 2008 _cc2008. |
||
| 300 |
_axxix, 480 p. : _bill. ; _c26 cm. |
||
| 504 | _aIncludes bibliographical references and index. | ||
| 650 | 0 |
_aMicroeconomics. _922538 |
|
| 651 | 0 |
_aUnited States _xEconomic conditions _y2001-2009. _922539 |
|
| 942 |
_2ddc _cBB |
||
| 999 |
_c15001 _d15001 |
||